000 00593nam a22002057a 4500
003 OSt
005 20250515154742.0
008 160521b xxu||||| |||| 00| 0 eng d
020 _a97893822263638
040 _cLIC
082 _22013
_aDC 410
_bC38
100 _98698
_aAllan Charlie
245 _aAn Introduction to applied linguistics/
_cAllan Charlie
260 _aNew Delhi (India):
_bRandom Exports,
_cc2013.
300 _axi, 272 pages;
_c24 cm.
365 _b3,983.10
_cPhp
500 _aIncludes bibliographical references and index.
650 0 _98699
_aLinguistics
942 _2ddc
_cDC
999 _c2642
_d2642